Natacha / (Registro nro. 3553)

Detalles MARC
000 -LEADER
fixed length control field 01202nam a2200265Ia 4500
003 - CONTROL NUMBER IDENTIFIER
control field OSt
005 - DATE AND TIME OF LATEST TRANSACTION
control field 20250710145836.0
008 - FIXED-LENGTH DATA ELEMENTS--GENERAL INFORMATION
fixed length control field 191128t2007 ck br 000 f spa d
020 ## - INTERNATIONAL STANDARD BOOK NUMBER
International Standard Book Number 9789587048759
040 ## - CATALOGING SOURCE
Original cataloging agency CO-JMCR
Transcribing agency CO-JMCR
041 ## - LANGUAGE CODE
Language code of text/sound track or separate title spa
082 04 - DEWEY DECIMAL CLASSIFICATION NUMBER
Classification number N
Item number PESn
100 1# - MAIN ENTRY--PERSONAL NAME
Personal name Pescetti, Luis María,
Relator term autor
9 (RLIN) 7860
245 10 - TITLE STATEMENT
Title Natacha /
Statement of responsibility, etc. Luis María Pescetti; ilustrador Pedro Fernández
250 ## - EDITION STATEMENT
Edition statement Segunda edición
260 ## - PUBLICATION, DISTRIBUTION, ETC.
Place of publication, distribution, etc. Bogotá :
Name of publisher, distributor, etc. Alfagura,
Date of publication, distribution, etc. ©2007
300 ## - PHYSICAL DESCRIPTION
Extent 112 páginas ;
Dimensions 20 cm
490 0# - SERIES STATEMENT
Series statement Alfaguara infantil
500 ## - GENERAL NOTE
General note Incluye datos biográficos del autor.
505 ## - FORMATTED CONTENTS NOTE
Formatted contents note A un lugar--Se vivió--Rafles--Tarea--¿Basta?--Mensaje en el contestador--El robo--¿Qué dijo?--La voz de adentro--La historia--Mental--El cable del teléfono--Las manzanas-globo--Acnécodta--Nota a la madre--Olvidarse de--Combinar--Elbaño--Cuantomenos
520 ## - SUMMARY, ETC.
Summary, etc. Natacha tiene una mamá que inventa cuentos de mounstruos, una amiga Pati con quien forma "Las chicas Perla" y un perro Rafles un poco destrozón. Natacha es una niña divertida y preguntona.
650 14 - SUBJECT ADDED ENTRY--TOPICAL TERM
Topical term or geographic name entry element Novela infantil
Chronological subdivision Siglo XX
9 (RLIN) 7861
700 ## - ADDED ENTRY--PERSONAL NAME
Personal name Fernández, Pedro,
Relator term ilustrador
9 (RLIN) 7862
942 ## - ADDED ENTRY ELEMENTS (KOHA)
Source of classification or shelving scheme Dewey Decimal Classification
Koha item type Books
Existencias
Withdrawn status Lost status Source of classification or shelving scheme Materials specified (bound volume or other part) Damaged status Not for loan Collection code Home library Current library Date acquired Total Checkouts Total Renewals Full call number Barcode Date last seen Date last checked out Copy number Koha item type
    Dewey Decimal Classification Donación -- 30/05/2018     Fiction Biblioteca Pública José María del Castillo y Rada Biblioteca Pública José María del Castillo y Rada 11/28/2019 12 4 N PESn 201807417 04/06/2026 04/06/2026 Ej.1 Books